000 00418nam a22001697a 4500
003 MPLRDC
005 20220104124600.0
008 210129b ||||| |||| 00| 0 eng d
082 _a309.2 SNET
100 _a少年儿童出版社编
245 _a古代中国科学家的故事
_c
250 _a一版一刷
260 _a
_b少年儿童出版社
_c1981
300 _b
650 _a
942 _cBK
_o309.2 SNET
999 _c20488
_d20478